|
|
|
|
| LEADER |
00000nab a2200000 a 4500 |
| 001 |
vtls000630407 |
| 003 |
SK-MaSNL |
| 005 |
20260303193151.0 |
| 008 |
140302c1997 xo 0 slo |
| 015 |
|
|
|a SNBRB19rr/mm-uuuuu
|
| 035 |
|
|
|a CL0630546
|
| 040 |
|
|
|a SNKBUCL
|b slo
|c SNKBUCL
|e AACR2
|
| 041 |
0 |
|
|a slo
|
| 044 |
|
|
|a xo
|c SK
|
| 080 |
|
|
|a 614.258(437.6):061.3
|2 1981
|
| 080 |
|
|
|a 61:061.22(437.6)
|2 1981
|
| 100 |
1 |
|
|a Kliment, Michal,
|d 1949-
|4 aut
|9 105730
|
| 245 |
1 |
0 |
|a Otázky legislatívy, kvality a ocenenia práce lekárov
|b Z rokovaní Prezídia SLK (4. a 15. júla 1997 v Bratislave)
|c Michal Kliment
|
| 610 |
2 |
7 |
|a Slovenská lekárska komora
|2 snkbucl
|9 15463
|
| 655 |
|
7 |
|a články z novín a časopisov
|2 snkbucl
|9 267496
|
| 773 |
0 |
|
|t Zdravotnícke noviny
|g Roč. 2, č. 27 (1997), s. 4
|
| 850 |
|
|
|a Slovenská národná knižnica v Martine
|a MTA001
|
| 852 |
|
|
|a SNK
|b KIS3GCP
|
| 958 |
|
|
|a ME
|
| 958 |
|
|
|a RK
|
| 992 |
|
|
|a RBX
|
| 999 |
|
|
|c 2150804
|d 2152734
|